000 00431nam a22001697a 4500
005 20230118115905.0
008 200518b xxu||||| |||| 00| 0 eng d
020 _a9788189747497
041 _aeng
082 _a615.85
100 _aBANSAL.DR. RAJPAL
_95464
245 _aPathophysiology of common Diseases
260 _aDelhi
_bBirla Publication
_c2020
300 _a624,xxxi
650 _aPharmacy
_xD.PHARMA
_97090
942 _cBK
999 _c6268
_d6266